| 000 | 00888cam a2200217 a 4500 | ||
|---|---|---|---|
| 020 | _a9291151041 [set] | ||
| 020 | _a9291151181 (vol. 1) | ||
| 020 | _a9291151211 (vol. 2) | ||
| 040 | _cDLC | ||
| 082 | _a628 ICI 2000 C142 Or. | ||
| 245 | 1 | 0 |
_aWaters of life : _bperspectives of water harvesting in the Hindu Kush-Himalayas : proceedings of the Regional Workshop on Local Water Harvesting for Mountain Households in the Hindu-Kush Himalayas, Kathmandu, March 14-16, 1999 / |
| 260 |
_aKathmandu : _bInternational Centre for Integrated Mountain Development, _c2000- |
||
| 300 |
_av. <1-2 > : _bill. (some col.), maps ; _c26 cm. |
||
| 650 | 0 | _aWater harvesting | |
| 650 | 0 | _aWater resources development | |
| 650 | 0 | _aHouseholds | |
| 700 | 1 | _aBanskota, Mahesh. | |
| 700 | 1 | _aChalise, Suresh R. | |
| 710 | 2 | _aInternational Centre for Integrated Mountain Development. | |
| 942 | _cAEDBB | ||
| 999 |
_c18307 _d18307 |
||